Анализ временных рядов: учебное пособие для бакалавриата и магистратуры

Opis bibliograficzny
1. autor: Подкорытова О. А. Ольга Анатольевна
organizacja autorów: Санкт-Петербургский государственный университет (СПбГУ), Европейский университет в Санкт-Петербурге (ЕУСПб)
Kolejni autorzy: Соколов М. В. Михаил Владимирович
Streszczenie:Учебное пособие охватывает основные разделы курса «Анализ временных рядов» для экономических специальностей' стационарные временные ряды, разностно-стационарные временные ряды, модели ARIMA, тесты на единичные корни, векторная модель авторегрес^ии, линейная регрессия состационарными переменными, коиитеграция, причинные зависимости во временных рядах, сглаживание временных рядов. Пособие содержит большое количество примеров и упражнений. Часть из них носит техни­ческий характер и призвана разъяснить теоретические моменты. Другая часть, основанная на реальных данных, демонстрирует приложения теории к реальным задачам из различных областей экономики и снабжена инструк­циями по их выполнению в эконометрическом пакете Gretl. Содержание учебного пособия соответствует актуальным требованиям Федерального государственного образовательного стандарта высшего образования.
Język:rosyjski
Wydane: Москва, Юрайт, 2016
Seria:Бакалавр и магистр. Модуль.
Hasła przedmiotowe:
Format: Książka
KOHA link:https://koha.lib.tpu.ru/cgi-bin/koha/opac-detail.pl?biblionumber=291408

MARC

LEADER 00000nam0a2200000 4500
001 291408
005 20231102000403.0
010 |a 9785991654630 
035 |a (RuTPU)RU\TPU\book\315973 
090 |a 291408 
100 |a 20150414d2016 m y0rusy50 ca 
101 0 |a rus 
102 |a RU 
105 |a a j 001zy 
200 1 |a Анализ временных рядов  |e учебное пособие для бакалавриата и магистратуры  |f О. А. Подкорытова, М. В. Соколов  |g Санкт-Петербургский государственный университет (СПбГУ) ; Европейский университет в Санкт-Петербурге (ЕУСПб) 
210 |a Москва  |c Юрайт  |d 2016 
215 |a 267 с.  |c ил. 
225 1 |a Бакалавр и магистр. Модуль. 
320 |a Библиография в конце глав. 
330 |a Учебное пособие охватывает основные разделы курса «Анализ временных рядов» для экономических специальностей' стационарные временные ряды, разностно-стационарные временные ряды, модели ARIMA, тесты на единичные корни, векторная модель авторегрес^ии, линейная регрессия состационарными переменными, коиитеграция, причинные зависимости во временных рядах, сглаживание временных рядов. Пособие содержит большое количество примеров и упражнений. Часть из них носит техни­ческий характер и призвана разъяснить теоретические моменты. Другая часть, основанная на реальных данных, демонстрирует приложения теории к реальным задачам из различных областей экономики и снабжена инструк­циями по их выполнению в эконометрическом пакете Gretl. Содержание учебного пособия соответствует актуальным требованиям Федерального государственного образовательного стандарта высшего образования. 
606 1 |a Ряды временные  |x Статистический анализ  |2 stltpush  |3 (RuTPU)RU\TPU\subj\56855  |9 74740 
610 1 |a стационарные временные ряды 
610 1 |a модели ARMA 
610 1 |a модели ARIMA 
610 1 |a единичные корни 
610 1 |a регрессии 
610 1 |a векторная авторегрессия 
610 1 |a коинтеграция 
610 1 |a сглаживание 
610 1 |a учебные пособия 
675 |a 519.246(075.8)  |v 4 
700 1 |a Подкорытова  |b О. А.  |g Ольга Анатольевна 
701 1 |a Соколов  |b М. В.  |g Михаил Владимирович 
712 0 2 |a Санкт-Петербургский государственный университет (СПбГУ)  |c (1991- )  |2 stltpush  |3 (RuTPU)RU\TPU\col\62 
712 0 2 |a Европейский университет в Санкт-Петербурге (ЕУСПб)  |2 stltpush  |3 (RuTPU)RU\TPU\col\7446 
801 1 |a RU  |b 63413507  |c 20150414 
801 2 |a RU  |b 63413507  |c 20151005  |g RCR 
900 |a Математический анализ 
900 |a Анализ временных рядов 
942 |c BK 
951 |l 8.1  |l 8.3 
959 |a 6/20150130  |d 3  |e 419,00  |f ЧЗТЛ:1  |f УФ:2 
959 |a 80/20150602  |d 3  |e 379,00  |f ЧЗТЛ:1  |f УФ:2